Les MVs les plus vues de Ateez (avril 2026) - Statistiques

Statistiques générales
  • Ce quiz a été pris 124 fois
    11 depuis la dernière actualisation
  • Le résultat moyen est 27 sur 38
Statistiques - réponses
Date de sortie Nombre de vues MV % Correct
29 juillet 2022 51 M Guerrilla
100%
8 octobre 2019 146 M Wonderland
100%
6 février 2026 46 M Adrenaline
89%
16 juin 2023 157 M Bouncy (K-Hot Chilli Peppers)
89%
1 décembre 2023 142 M Crazy Form
89%
7 février 2019 51 M Hala Hala
89%
15 novembre 2024 100 M Ice On My Teeth
89%
11 juillet 2025 38 M In Your Fantasy
89%
13 juin 2025 39 M Lemon Drop
89%
16 février 2026 17 M Nasa
89%
24 octobre 2018 52 M Pirate King
89%
31 mai 2024 88 M Work
89%
6 janvier 2020 101 M Answer
78%
29 janvier 2020 1,3 M Answer (Japanese Version)
78%
8 juillet 2019 11 M Aurora
78%
13 septembre 2021 93 M Deja Vu
78%
30 décembre 2022 71 M Halazia
78%
1 mars 2021 69 M I'm The One (Fireworks)
78%
29 juillet 2020 93 M Inception
78%
15 janvier 2019 84 M Say My Name
78%
23 aout 2020 74 M Thanxx
78%
10 décembre 2021 57 M The Real - Heung Version
78%
24 octobre 2018 29 M Treasure
78%
10 juin 2019 89 M Wave
78%
16 septembre 2025 5 M Ash
67%
1 octobre 2024 4,8 M Birthday
67%
10 juin 2019 28 M Illusion
67%
27 février 2024 7 M Not Okay
67%
17 mai 2022 10 M Rocky (Boxers Version)
67%
3 décembre 2021 35 M Turbulence
67%
3 octobre 2021 27 M Eternal Sunshine
56%
21 mars 2023 4,6 M Limitless
56%
11 novembre 2019 7,1 M Utopia (Japanese Version)
56%
29 novembre 2022 8,2 M Paradigm
44%
11 juillet 2021 7,7 M Dreamers
33%
20 mai 2019 12 M Promise
33%
16 aout 2021 5,9 M Be My Lover (feat Kim Jong Kook)
22%
1 juillet 2024 12 M Hush-Hush (feat Be : First)
22%
Aucun quiz correspondant
Distribution des résultats
% des personnes avec chaque résultat
Percentile par nombre de réponses
Votre historique - résultats
Vous n’avez pas pris ce quiz depuis la dernière actualisation